Chelsea Yacht and Boat Co Ltd v Pope (Record no. 65164)

MARC details
000 -LEADER
fixed length control field 01395cam a2200241 4500
001 - CONTROL NUMBER
control field ABS63051
008 - FIXED-LENGTH DATA ELEMENTS--GENERAL INFORMATION
fixed length control field 000000n2000 000 0 eng u
035 ## - SYSTEM CONTROL NUMBER
System control number (Sirsi) u109142
245 ## - TITLE STATEMENT
Title Chelsea Yacht and Boat Co Ltd v Pope
260 ## - PUBLICATION, DISTRIBUTION, ETC.
Date of publication, distribution, etc. 2000
490 ## - SERIES STATEMENT
Series statement Weekly Law Reports
Volume/sequential designation [2000] 37 WLR 1941-1948(8)
520 ## - SUMMARY, ETC.
Summary, etc. CA 6 April 2000. A houseboat, moored to a pontoon and to the bank and bed of a river in which it took to the ground at half tide, was let to B by an agreement very similar to that for the letting of a dwelling house. Water, electricity and other services were provided to the houseboat. A sold the houseboat to C. Shortly afterwards C sought possession from B for failure to pay rent. The judge held that the agreement was a tenancy under which a dwelling-house is let within Housing Act 1988 s1(1). C appealed. Held, appeal allowed. Since the Housing Act 1988 only applied to the letting of land, the agreement under which B occupied the houseboat was not a tenancy of a dwelling house for the purposes of s1 of the Act.
590 ## - LOCAL NOTE (RLIN)
Local note ABS
650 ## - SUBJECT ADDED ENTRY--TOPICAL TERM
Topical term or geographic name entry element HOUSEBOAT
650 ## - SUBJECT ADDED ENTRY--TOPICAL TERM
Topical term or geographic name entry element HOUSING
650 ## - SUBJECT ADDED ENTRY--TOPICAL TERM
Topical term or geographic name entry element CHELSEA YACHT AND BOAT CO LTD V POPE
650 ## - SUBJECT ADDED ENTRY--TOPICAL TERM
Topical term or geographic name entry element RENTED ACCOMMODATION
650 ## - SUBJECT ADDED ENTRY--TOPICAL TERM
Topical term or geographic name entry element ASSURED TENANCY
650 ## - SUBJECT ADDED ENTRY--TOPICAL TERM
Topical term or geographic name entry element SECURITY OF TENURE
650 ## - SUBJECT ADDED ENTRY--TOPICAL TERM
Topical term or geographic name entry element HOUSING ACT 1988 S1(1)
690 ## - LOCAL SUBJECT ADDED ENTRY--TOPICAL TERM (OCLC, RLIN)
Topical term or geographic name as entry element LANDLORD AND TENANT-RESIDENTIAL TENANCIES-CASE LAW
942 ## - ADDED ENTRY ELEMENTS (KOHA)
Suppress in OPAC 0
Holdings
Withdrawn status Lost status Source of classification or shelving scheme Damaged status Not for loan Home library Current library Shelving location Date acquired Total Checkouts Barcode Date last seen Copy number Price effective from Koha item type
    Dewey Decimal Classification     London London Journal article 03/11/2000   109142-1001 06/08/2019 1 06/08/2019 Law report